000 00541nam a2200193Ia 4500
005 20250508150354.0
008 008 250505s9999 xx 000 0 eng d
037 _aTextual
040 _aFEDL
_beng
_cFEDL
041 _aeng
_2eng
084 _a371.7, DAV
_qFEDL
100 _aDavies M B
_991463
245 0 _aHygiene and health education: For training colleges
250 _a4th
260 _aLondon, UK
_bLongmans, Green and Co.
_c1948
300 _ax,438p.
942 _cTEXL
_h371.7, DAV
999 _c1323258
_d1323258